00321nam a2200109Ia 4500008004100000041000800041100001800049245004500067260004300112500002500155700003100180250110s9999 xx 000 0 und d aeng aKulkarni Isha aDust To Dust : Decomposable Architecture bBNCA-M arch Digital Architecturec2021 aDigital Architecture aGuide Name:Dhamale Supriya